Arte africano / (Record no. 18950)

MARC details
000 -LEADER
campo de control de longitud fija 00554nam a2200205 i 4500
001 - NÚMERO DE CONTROL
campo de control 18950
003 - IDENTIFICADOR DE NÚMERO DE CONTROL
campo de control ES-MaACL
005 - FECHA Y HORA DE LA ÚLTIMA TRANSACCIÓN
campo de control 20250811113623.0
007 - CAMPO FIJO DE DESCRIPCIÓN FÍSICA--INFORMACIÓN GENERAL
campo de control de longitud fija t|
008 - DATOS DE LONGITUD FIJA--INFORMACIÓN GENERAL
campo de control de longitud fija 020417s1999 sp ||||1| spa d
020 ## - NÚMERO INTERNACIONAL ESTÁNDAR DEL LIBRO
Número Internacional Estándar del Libro 84-7630-821-3
080 ## - NÚMERO DE LA CLASIFICACIÓN DECIMAL UNIVERSAL
Número de la Clasificación Decimal Universal 7.031.6
100 1# - ENTRADA PRINCIPAL--NOMBRE DE PERSONA
Nombre de persona Bargna, Ivan.
9 (RLIN) 25643
245 10 - MENCIÓN DEL TÍTULO
Título Arte africano /
Mención de responsabilidad, etc. Ivan Bargna.
260 ## - PUBLICACIÓN, DISTRIBUCIÓN, ETC.
Lugar de publicación, distribución, etc. Alcobendas :
Nombre del editor, distribuidor, etc. LIBSA,
Fecha de publicación, distribución, etc. [1999]
300 ## - DESCRIPCIÓN FÍSICA
Extensión 256 p. :
Otras características físicas il. col. y n. ;
Dimensiones 31 cm.
650 17 - PUNTO DE ACCESO ADICIONAL DE MATERIA--TÉRMINO DE MATERIA
Término de materia o nombre geográfico como elemento de entrada Arte africano
Fuente del encabezamiento o término embne
9 (RLIN) 10151
852 ## - LOCALIZACIÓN
Ubicación ES-MaACL
Número de control de estantería G-8
Sublocalización o colección R.131571
Holdings
Estatus retirado Estado de pérdida Estado de daño No para préstamo Biblioteca de origen Biblioteca actual Ubicación en estantería Fecha de adquisición Fuente de adquisición Total de préstamos Signatura topográfica completa Código de barras Visto por última vez Precio de reemplazo Tipo de ítem Koha
        Biblioteca del Ateneo de Madrid Biblioteca del Ateneo de Madrid Depósito 2 17/01/2008     G-8 1019388 23/02/2023 23/02/2023 Libro impreso